1766 1973 1409 1823 1887 1850 1220 1877 1554 1609 1546 1794 1167 1476 1006 1509 1213 1754 1264 1906 1172 1872 1836 1177 1507 1989 1249 1615 1294 1434 1296 1072 1425 1131 1402 1840 1792 1968 1460 1018 1931 1019 1790 1597 1726 1384 1976 1531 1282 1089 1700 1259 1641 1120 1372 1068 1146 1483 1722 1019 1112 1470 1860 1488 1663 1827 1506 1855 1313 1248 1113 1988 1404 1195 1550 1574 1619 1750 1044 1621 1815 1070 1533 1468 1900 1531 1032 1272 1989 1563 1684 1201 1181 1782 1188 1934 1850 1323 1930 BCNSPRNW ULIB Ver.6.0+V

เปลี่ยนเป็นภาษาไทย

Change to English
 แสดงรายละเอียดบรรณานุกรม
  กลับหน้าหลัก

Brief Record : Get Marc (ISO 2709) : E-mail record : QR code < ปิดหน้าต่าง
LEADER : 00000nam 2200000uu 4500
001    13399121360
003     ULIB
008    121116s2550||||th 000 0 tha d
020    ^a9789747519532
040    ^abpr
041 0  ^atha
050  4 ^aTK7885^bภ623ค
100 0  ^aภุชชงค์ เกวียกกุทัณฑ์
245 10 ^aคู่มือโปรแกรม Microsoft Office word 2007 ฉบับสมบูรณ์. /^cภุชชงค์ เกวียกกุทัณฑ์
260    ^aกรุงเทพฯ :^bอินโฟเพรส,^c2550
300    ^a330 หน้า ;^c24 ซม.
650  7 ^aวินโดวส์ (โปรแกรมคอมพิวเตอร์)
650  7 ^aเวิร์ด (โปรแกรมคอมพิวเตอร์)
945    ^p199^l0^i14810
995 ^a วิภา
999    ^aวิภา
รายการนี้ยังไม่มีแท็ก
คุณยังไม่ได้ล็อกอิน คุณสามารถมีกิจกรรมร่วมกับเว็บไซต์ได้ แต่ต้องล็อกอินก่อน ::
  ล็อกอิน

รายการสื่อสารสนเทศ

ลำดับที่ ประเภท เลขเรียก/บาร์โค้ด สถานที่ สถานะ
1. วิทยาศาสตร์การแพทย์ และสุขภาพ
วิทยาศาสตร์การแพทย์ และสุขภาพ
TK7885 ภ623ค  
  Barcode: 14810
ห้องสมุดวิทยาเขตสวรรค์ประชารักษ์
►หนังสือทั่วไป
บนชั้น

รายการใกล้เคียง
    หัวเรื่อง [วินโดวส์ (โปรแกรมคอมพิวเตอร์)]

BibComment


ยังไม่เคยถูกคอมเมนท์

คอมเมนท์ทรัพยากรรายการนี้
  คอมเมนท์: คู่มือโปรแกรม Mi..


 Copyright 2026. Bcnsprnw @Library